00969nam a2200217 a 450000100100000000500170001000800410002702000150006804000250008310000350010824501560014326000570029930000230035649000460037950000210042550400730044671000560051983000540057595201050062999900170073400004185620201002035808.0131016s2002 sp 001 0 spa d a8400080289 aDO-SdBNPbspacBNPHU1 aMutgé Vives, Josefina96874110aPergamins del monestir benedictí de Sant Pau del Camp de Barcelona :bde l'Arxiu de la Corona d'Aragó (segles XII-XIV) /cJosefina Mutgé i Vives. aBarcelona :bInstitució Milà i Fontanals,c2002. a361 p. : ;c25 cm.1 aAnuario de estudios medievales.aanexv45 aIncluye índice aIncluye referencias bibliográficas y notas al pie de las páginas2 aInstitución Milá y Fontanals (Barcelona)968486 0aAnuario de estudios medievales.pAnex;v45968742 001050718MOaGRbGRcCTd2013-10-18iLF1l0o p41856-10r2020-06-25w2020-06-25y1ZNo se presta c41345d41345